Most visited zoo`s in germany - Statistics

General Stats
  • This quiz has been taken 207 times
  • The average score is 9 of 15
Answer Stats
Hint Answer % Correct
1,05 mio Tierpark Berlin
100%
2,94 mio Zoo Berlin
100%
1,10 mio Tierpark Hagenbeck Hamburg
94%
2,30 mio Wilhelma Stuttgart
82%
0,94 mio Zoo Frankfurt
80%
1,60 mio Zoo Köln
75%
2,12 mio Zoo Leipzig
73%
1,82 mio Tierpark Hellabrunn München
68%
3,24 mio Erlebnis Zoo Hannover
63%
1,22 mio Tierpark Nürnberg
54%
1,11 mio Zoo Duisburg
50%
0,94 mio Allwetterzoo Münster
37%
1,43 mio Zoo Karlsruhe
27%
0,98 mio Euregio Aachen
24%
1,03 mio Zoo Osnabrück
21%
No matching quizzes found
Score Distribution
Percent of People with Each Score
Percentile by Number Answered
Your Score History
You have not taken this quiz